| 000 | 00351nam a2200109Ia 4500 | ||
|---|---|---|---|
| 008 | 180205s9999 xx 000 0 und d | ||
| 020 | _a9715060315 | ||
| 100 | _aDe-Tavera, Mita Pardo | ||
| 245 | 4 | _aThe elderly in the Philippines / | |
| 260 |
_aManila, Philippines _bSocial research center university of Santo tomas manila : _c1989 |
||
| 300 | _a204 pages | ||
| 999 |
_c354789 _d354789 |
||